Loading...
History - American History | 0 | 5 | 0 | 2 | 50 | 78 | 91.20 | 0 | 0 |
History - Other History | 0 | 2 | 0 | 1 | 20 | 14 | 62.50 | 1 | 1 |
Social Science | 0 | 2 | 0 | 0 | 20 | 58 | 80.50 | 0 | 0 |
Mythology | 0 | 1 | 0 | 0 | 10 | 101 | 101.00 | 0 | 0 |
History - World History | 0 | 1 | 0 | 1 | 10 | 102 | 102.00 | 0 | 0 |
Literature - World Literature | 0 | 1 | 0 | 1 | 10 | 119 | 119.00 | 0 | 0 |
Painting/Sculpture | 0 | 1 | 0 | 1 | 10 | 99 | 99.00 | 0 | 0 |
History - European History | 0 | 1 | 1 | 0 | 5 | 89 | 89.00 | 0 | 0 |
Religion | 0 | 1 | 1 | 1 | 5 | 116 | 116.00 | 0 | 0 |
Science - Other Science | 0 | 1 | 1 | 0 | 5 | 60 | 60.00 | 0 | 0 |
Literature - European Literature | 0 | 0 | 0 | 0 | 0 | 0.00 | 0 | 0 | |
Geography | 0 | 0 | 0 | 0 | 0 | 0.00 | 0 | 0 | |
Literature - British Literature | 0 | 0 | 0 | 0 | 0 | 0.00 | 0 | 0 | |
Fine Arts - Classical Music | 0 | 0 | 1 | 0 | -5 | 0.00 | 0 | 0 |